000 00499nam a2200145Ia 4500
008 231129s1990||||xx |||||||||||||| ||spa||
020 _a958-8017-09-2
040 _bspa
082 _a344.861026 C718
100 _aColombia. [Codigo sustantivo laboral]
245 0 _aCodigo sustantivo laboral Decreto 2663 de 1950 ; Codigo procesal laboral Decreto 2158 de 1948; Reforma laboral Ley 50 de 1990
260 _c1990
264 _a3 R Editores
942 _2ddc
_cBKS
999 _c7162
_d7162